Ranas Centrolenidae de Colombia XI. Nuevas especies de ranas cristal del género Hyalinobatrachium (Registro nro. 14298)

Detalles MARC
000 -CABECERA
Campo de control 004520000a22001210004500
090 ## - CLASIFICACIÓN LOCAL
Colección AS
Consecutivo Seriadas
041 0# - IDIOMA
Código de idioma para texto/pista de sonido o título separado
100 1# - ASIENTO PRINCIPAL--NOMBRE PERSONAL
Nombre personal Ruiz Carranza, Pedro M.
245 10 - MENCION DE TITULO
Título Ranas Centrolenidae de Colombia XI. Nuevas especies de ranas cristal del género Hyalinobatrachium
700 1# - ASIENTO SECUNDARIO - NOMBRE PERSONAL
Nombre personal Lynch, John D.
773 1# - Item fuente:
Título Revista de la Academia Colombiana de Ciencias Exactas, Fisicas y Naturales
Especificación de materiales 32
Descripción física 85
Paginas del Articulo 571-586
Lugar, editorial y fecha de publicación 1998
Información sobre la relación 22
942 ## - ELEMENTOS ADICIONALES (KOHA)
Tipo de ítem Artículo

No hay ítems disponibles.